| 000 | 00602nam a2200241Ia 4500 | ||
|---|---|---|---|
| 003 | OSt | ||
| 005 | 20221007100442.0 | ||
| 006 | a|||||r|||| 00| 0 | ||
| 007 | ta | ||
| 008 | 221006b |||||||| |||| 00| 0 eng d | ||
| 024 | _a4,424 | ||
| 037 | _cTextual | ||
| 040 |
_aLCO _cLCO _beng |
||
| 041 |
_2eng _aeng |
||
| 082 | _aZk, M0 | ||
| 100 |
_aWALKER D M _9701707 |
||
| 245 | 0 | _aOxford companion to law | |
| 260 |
_aOxford _bClarendon Press _c1980 |
||
| 300 | _a1366 | ||
| 650 |
_aCOMPANION TO LAW _9701708 |
||
| 942 |
_hZk, M0 _cTEXL |
||
| 999 |
_c1173987 _d1173987 |
||